ROSAS- la oreja de van gogh - Estadísticas

Estadísticas generales
  • Esta prueba ha sido intentada 89 veces
  • La puntuación promedio es 242 de 281
Estadísticas de respuestas
Respuesta % Correcto
a
100%
es
100%
la
100%
mi
100%
para
100%
por
100%
que
100%
rosas
100%
y
100%
con
98%
en
98%
eso
98%
me
98%
mil
98%
carita
95%
empapada
95%
esperaba
95%
llegaras
95%
no
95%
se
95%
asi
93%
aun
93%
de
91%
esas
91%
parece
91%
pensar
91%
si
91%
te
91%
vida
91%
cosas
89%
dia
89%
el
89%
he
89%
lo
89%
los
89%
menos
89%
porque
89%
ser
89%
soy
89%
un
89%
ya
89%
escape
87%
estos
87%
hoy
87%
pensado
87%
sabes
87%
suelo
87%
tu
87%
va
87%
encantan
85%
mentira
85%
ahora
84%
aqui
84%
has
84%
importa
84%
lado
84%
muy
84%
tonto
84%
azules
82%
del
82%
hemos
82%
imaginando
82%
le
82%
nos
82%
ojitos
82%
pasarte
82%
van
82%
conoci
80%
decidido
80%
mirar
80%
momento
80%
vuelves
80%
decir
78%
dice
78%
esta
78%
mundo
78%
querernos
78%
record
78%
tenemos
78%
vuelto
78%
amor
76%
como
76%
esperanza
76%
juro
76%
nadie
76%
quizas
76%
silencio
76%
tarde
76%
viernes
76%
cada
75%
desde
75%
siempre
75%
sol
75%
tan
75%
cruzado
73%
donde
73%
empiezo
73%
beso
71%
tiempo
71%
verdadero
71%
quieta
69%
solo
69%
una
69%
uno
69%
esos
67%
primero
67%
son
67%
prisas
64%
corazon
62%
diera
62%
dijiste
62%
meses
62%
ni
62%
olvidar
62%
otra
62%
adios
60%
baratos
60%
callarme
60%
cuesta
60%
demas
60%
pediste
60%
resumiendo
60%
salen
60%
coincidir
58%
mano
58%
pasaron
58%
placer
58%
sospechar
58%
entendias
56%
excusas
56%
noche
56%
seis
56%
quede
55%
bostezo
51%
alli
47%
escapando
42%
No se encontraron pruebas coincidentes
Distribución de puntuación
Porcentaje de gente con cada puntuación
Porcentaje por número respondido
Historial de tus puntuaciones
No has intentado esta prueba.